Most popular zoo animals in Australia - Statistics

General Stats
  • This quiz has been taken 33 times
  • The average score is 4 of 12
Answer Stats
Class Order Number of Zoos Answer % Correct
Aves Casuariiformes 7 Emu
79%
Mammalia Diprotodontia 7 Koala
50%
Mammalia Dasyuromorphia 5 Tasmanian devil
43%
Mammalia Carnivora 5 Dingo
39%
Mammalia Artiodactyla 5 Giraffe
36%
Reptilia Crocodilia 5 Freshwater crocodile
29%
Mammalia Diprotodontia 5 Red Kangaroo
25%
Aves Pelicaniformes 5 Australian Pelican
21%
Aves Gruiformes 5 Brolga
14%
Mammalia Carnivora 5 Wolf
11%
Mammalia Diprotodontia 5 Common wombat
7%
Mammalia Diprotodontia 5 Western grey kangaroo
4%
No matching quizzes found
Score Distribution
Percent of People with Each Score
Percentile by Number Answered
Your Score History
You have not taken this quiz